Angela IV.

Po poklese podpory CDU/CSU a SPD povedie Nemecko pravdepodobne nesúrodá koalícia.

Gespeichert in:
Bibliographische Detailangaben
1. Verfasser: Škvrnda, František
Format: Buchkapitel
Sprache:Slowakisch
Schlagworte:
Tags: Tag hinzufügen
Keine Tags, Fügen Sie das erste Tag hinzu!

MARC

LEADER 00000naa a2200000 4500
001 0237391
005 20240502073832.0
041 0 |a slo 
044 |a SK 
245 1 0 |a Angela IV.  |c František Škvrnda 
520 |a Po poklese podpory CDU/CSU a SPD povedie Nemecko pravdepodobne nesúrodá koalícia. 
610 2 0 |a politika zahraničná 
610 2 0 |a Nemecko 
610 2 0 |a politika 
610 2 0 |a strany politické 
610 2 0 |a voľby 
100 1 |a Škvrnda, František